000 00323nam a22001457a 4500
008 230912b ||||| |||| 00| 0 eng d
020 _a080167241
041 _aeng
080 _2FIRST EDITION 1972
_a521
082 _a521HIL
100 _a19
101 _aASTRO
245 _aCOSMIC RAYS
_cHILLAS.M.A
942 _2udc
_cBK
999 _c60327
_d60327